Statistics for 西湖十景 Ten Views of the West Lake

Click here to take the quiz!

General Stats

  • This quiz has been taken 84 times
  • The average score is 6 of 10

Answer Stats

大致方位Answer% Correct
断桥残雪
86%
三潭印月
76%
西苏堤春晓
65%
花港观鱼
65%
平湖秋月
63%
西曲院风荷
60%
雷峰夕照
59%
柳浪闻莺
53%
南屏晚钟
53%
西双峰插云
35%

Score Distribution

Percentile by Number Answered

Percent of People with Each Score

Your Score History

You have not taken this quiz